| 000 | 01371nam a22003977a 4500 | ||
|---|---|---|---|
| 003 | CHAP | ||
| 005 | 20220329143454.0 | ||
| 008 | 091130s2007 mx a r 00010 spa d | ||
| 010 | _a97163 | ||
| 011 | _a98135 | ||
| 020 | _a9789688395653 | ||
| 035 | _a108818 | ||
| 040 | _cCHAP | ||
| 082 | 0 | 4 |
_a333.916216 _bR31 |
| 245 | 0 | 0 |
_aRescatemos nuestros rios _c/compilado por María de Lourdes de la Isla de Bauer |
| 260 |
_aMéxico D.F. : _bColegio de Postgraduados, _c2007 |
||
| 300 |
_a201 p. : _bilus. |
||
| 590 |
_aBATCH-UPD _b10 _c20130110 _lUCH01 _h1228 |
||
| 590 |
_aBATCH-UPD _b10 _c20130410 _lUCH01 _h0759 |
||
| 590 |
_aBATCH-UPD _b10 _c20130914 _lUCH01 _h0312 |
||
| 590 |
_aCONVERSION _b10 _c20130109 _lUCH01 _h1354 |
||
| 650 | 1 | 4 |
_aAgua _xAprovechamiento. _92282 |
| 650 | 1 | 4 |
_aAgua _xConservacion. _92319 |
| 650 | 1 | 4 |
_aAgua _xContaminación. _92351 |
| 650 | 1 | 4 |
_aAgua _xPurificacion. _92397 |
| 650 | 1 | 4 |
_aAguas residuales _xPurificacion. _92588 |
| 650 | 1 | 4 |
_aCuenca del Valle de México. _930059 |
| 650 | 1 | 4 |
_aCuencas hidrológicas. _930092 |
| 650 | 1 | 4 |
_aRecursos hidraúlicos _xConservación. _995088 |
| 650 | 1 | 4 |
_aRíos _xRehabilitación. _999171 |
| 700 | 0 |
_aIsla de Bauer, María de Lourdes de la _e; comp. _960567 |
|
| 901 | _aBK | ||
| 911 | _aen proceso | ||
| 942 | _cLIBRO | ||
| 949 |
_a333 916216 R31 _bBC _cLIBRO _d33724002130009 _eLIBRO _gI.c/e _h111472 _i108818 _si |
||
| 999 |
_c97163 _d97163 |
||